000 01315nam a2200313 i 4500
001 bg
245 0 0 _aProcurement and tendering procedures /
_cthe promoter of the LdV Project Andrzej Minasowicz and the co-oridinator of the LdV Project Paweł Nowak [et al.].
260 _aWarszawa :
_bPoltext,
_c2008.
300 _a119 s. ;
_c24 cm +
_e1 dysk optyczny (CD ROM).
490 1 _aEnglish for Construction and Engineers
_v3
500 _aTyt. na CD ROM: Teachers manual for intermediate course No.3. Procurement and tendering procedures and English-Polish-Portuguese management in construction dictionary.
504 _aBibliogr. s. 109-110.
650 9 _aJęzyk angielski
_ypodręcznik akademicki
650 9 _aTechnika
_xterminologia
_ypodręcznik akademicki
650 9 _aBudownictwo
_xterminologia
_ypodręcznik akademicki
650 9 _aPrzetarg publiczny
700 1 _aMinasowicz, Andrzej.
_eOprac.
700 1 _aNowak, Paweł.
_eOprac.
740 0 2 _aTeachers manual for intermediate course
830 _aEnglish for Construction and Engineers
020 _a9788375610093
040 _cBPK
041 0 _aeng
044 _aPOL
920 _a978-83-7561-009-3
942 _cKS
008 s pl f |000 0 pol
999 _c55927
_d55927
856 _uhttp://koha.tu.koszalin.pl/cgi-bin/koha/opac-detail.pl?biblionumber=55927
_yKatalog online BPK